| 000 | 01211pam a2200337 a 4500 | ||
|---|---|---|---|
| 001 | 2486137 | ||
| 003 | OSt | ||
| 005 | 20230704134710.0 | ||
| 008 | 910219s1991 nyu b 001 0 eng | ||
| 010 | _a 91011331 | ||
| 020 | _a0313279330 (alk. paper) | ||
| 040 |
_aDLC _cDLC _dDLC |
||
| 043 | _an-us--- | ||
| 050 | 0 | 0 |
_aJK2447 _b.G78 1991 |
| 082 | 0 | 0 |
_a353.9/313 _220 _bHER |
| 245 | 0 | 0 |
_aGubernatorial leadership and state policy / _cedited by Eric B. Herzik and Brent W. Brown. |
| 260 |
_aNew York : _bGreenwood Press, _c1991. |
||
| 300 |
_ax, 201 p. ; _c24 cm. |
||
| 440 | 0 |
_aContributions in political science, _x0147-1066 ; _vno. 281 |
|
| 500 | _a"Prepared under the auspices of the Policy Studies Organization." | ||
| 504 | _aIncludes bibliographical references and index. | ||
| 650 | 0 |
_aGovernors _zUnited States. |
|
| 650 | 0 |
_aState governments _zUnited States. |
|
| 650 | 0 | _aPolicy sciences. | |
| 700 | 1 | _aHerzik, Eric B. | |
| 700 | 1 | _aBrown, Brent W. | |
| 710 | 2 | _aPolicy Studies Organization. | |
| 906 |
_a7 _bcbc _corignew _d1 _eocip _f19 _gy-gencatlg |
||
| 942 |
_2ddc _cBK |
||
| 999 |
_c3839 _d3839 |
||